000 01105cam a2200277 a 4500
999 _c23584
_d23584
001 1560914
005 20170126123214.0
008 920810s1993 ctua b 001 0 eng
010 _a 92031624
020 _a0300049277 (alk. paper)
050 0 0 _aNA2500 .B57 1993
100 1 _aBloomer, Jennifer.
245 1 0 _aArchitecture and the text :
_bthe scrypts of Joyce and Piranesi /
_cJennifer Bloomer.
260 _aNew Haven :
_bYale University Press,
_cc1993.
300 _axiv, 222 p. :
_bill. ;
_c24 cm.
440 0 _aTheoretical perspectives in architectural history and criticism
504 _aIncludes bibliographical references (p. 207-213) and index.
650 0 _aSymbolism in architecture.
650 0 _aArchitecture
_xPhilosophy.
942 _2lcc
_cBOOKS